| 000 | 00397nam a2200145Ia 4500 | ||
|---|---|---|---|
| 008 | 230711s9999||||xx |||||||||||||| ||und|| | ||
| 041 | _aENG | ||
| 082 |
_a624 _bBL-M |
||
| 100 | _aBlaser,Werner | ||
| 245 | 0 | _aMies Van Der Rohe: Lake Shore Drive Apartments - High-rise BuildingĀ | |
| 250 | _a1st . . Ed. | ||
| 260 |
_c1999 _aNew Jersey _bBirkhauser Verlage |
||
| 650 | _aArchitecture | ||
| 942 | _cBK | ||
| 999 |
_c4345 _d4345 |
||